| 000 | 01229pam a2200361 a 4500 | ||
|---|---|---|---|
| 001 | 014750068 | ||
| 003 | OSt | ||
| 005 | 20150314122152.0 | ||
| 008 | 080903s2008 xxk frb 001 0 eng d | ||
| 020 | _a9781848131897 (pbk.) | ||
| 020 | _a1848131895 (pbk.) | ||
| 020 | _a9781848131880 (hbk.) | ||
| 020 | _a1848131887 (hbk.) | ||
| 040 |
_aStDuBDS _beng _cStDuBDS _dUk |
||
| 041 | 1 |
_aeng _hfre |
|
| 082 | 0 | 0 |
_a338.9009 _222 _bRIS |
| 100 | 1 |
_aRist, Gilbert, _d1938- _935821 |
|
| 245 | 1 | 4 |
_aThe history of development from Western origins to global faith / _cGilbert Rist ; translated by Patrick Camiller. |
| 250 | _a3rd ed. | ||
| 260 |
_aLondon ; _aNew York, United States : _bZed Books, _c2008. |
||
| 300 |
_axiii, 288 p. ; _c22 cm. |
||
| 500 | _aIndex : p. 277-288. | ||
| 504 | _aIncludes bibliographical references. | ||
| 504 | _aBibliography : p. 265-276. | ||
| 546 | _aTranslated from French. | ||
| 650 | 0 |
_aEconomic development _935823 _xHistory |
|
| 650 | 0 |
_aEconomic assistance _xHistory _935824 |
|
| 650 | 0 |
_aSustainable development _xHistory _935825 |
|
| 653 |
_bBUSBOL _cMarch2014 _cMarch2015 |
||
| 655 |
_vreading book _934232 |
||
| 700 | 1 |
_aCamiller, Patrick _etranslator. _935822 |
|
| 942 |
_2ddc _k338.9009 RIS |
||
| 999 |
_c18189 _d18161 |
||